000 00724nam a2200253Ia 4500
003 OSt
005 20221007110315.0
006 a|||||r|||| 00| 0
007 ta
008 221006b |||||||| |||| 00| 0 eng d
020 _a0900362391
024 _a20,859
037 _cTextual
040 _aLCO
_cLCO
_beng
041 _2eng
_aeng
082 _aZ1, L2
245 0 _aInternational Disputes
_b The Legal Aspects
260 _aLondon
_bEuropa Publications U.K.
_c1972
300 _a325
500 _aReport of a Study Group of the David Davies Memorial Institute of International Studies
650 _aINTERNATIONAL DISPUTES
_9702751
942 _hZ1, L2
_cTEXL
999 _c1190422
_d1190422